000 00352nab a22001097u 4500
008 130520b2000 xxu||||| |||| 00| 0 spa d
041 _aspa
100 1 _aKuschel, Karl-Josef
_922768
245 0 0 _aSobre el poder destructivo y liberador de la risa
_cKarl-Josef Kuschel
773 0 _tConcilium
_gnº287,2000,págs. 139-148
_x0210-1041
_wRev134
942 _cAR
999 _c355859
_d355859